000 01083nam a22002657a 4500
003 DO-SdBNP
005 20180226111705.0
008 161107b 1977 sp a 00| 0 spa d
020 _a847374036X
040 _aBPMSU
_bspa
_cBPMSU
082 4 _a930
_bH673i
100 1 _aMillard, Anne
245 1 0 _aHistoria ilustrada del mundo para niños /
_cAnne Millard ; ilustrado por Joseph McEwan
260 _aMadrid :
_bPlesa ,
_c1977
300 _a32 p. :
_bil. ;
_c28 cm.
505 0 _gv. 1.
_tLas primeras civilizaciones /
_rAnne Millard
_gv.2.
_tGuerreros y navegantes / Anne Millard
_rAnne Millard --
_gv.3.
_tImperios y bárbaros /
_rPatricia Vanags --
_gv.4.
_tCruzadas, Aztecas, Zamurais /
_rAnne Millard --
_gv.5.
_tDescubrimientos y exploraciones /
_rAnne Millard --
_gv.6.
_t La época de las revoluciones /
_rAnne Millard
650 4 _aHISTORIA ANTIGUA
650 4 _aCIVILIZACIÓN ANTIGUA
700 1 2 _aMcEwan, Joseph,
_eil.
700 1 2 _aMcEwan, Joseph
910 _aValidado. Control de calidad MFF
942 _2ddc
_cBK
945 _aInventariado, 2018 / BT
956 _adgarcia
999 _c11804
_d11804